00000000nam 2200000za 4500
0019.675583
003CaOODSP
00520250108155801
007cr |||||||||||
008150407|2011||||xxc|||||o    f|0| 0 spa d
040 |aCaOODSP|beng
043 |an-cn---
0861 |aA15-11508/2011Spa-PDF|zA15-11508/2011Sp-PDF
1101 |aCanada. |bAgriculture and Agri-Food Canada.
24510|a[Canadian lobster and snow crab] : |h[electronic resource]|b[fresh from the ocean].
2461 |aLangosta y cangrejo de las nieves canadienses - toda la frescura del océano
250 |a[Spanish edition].
260 |aOttawa - Ontario : |bAgriculture and Agri-Food Canada |cc2011.
300 |a2p.|bphotographs
500 |aIssued also in English under title: Canadian lobster and snow crab: fresh from the ocean.
546 |aText in Spanish.
590 |a11-43|b2011-10-28
69007|aAgri-food industry|2gcpds
77508|tCanadian lobster and snow crab : |w(CaOODSP)9.695134
792 |t[Homard et crabe des neiges canadiens] : |efre|w(CaOODSP)9.675584
85640|ahttp://publications.gc.ca|qPDF|s387 KB|uhttps://publications.gc.ca/collections/collection_2011/agr/A15-11508-2011-spa.pdf
986 |aAAFC No. 11508S